| Tag |
First Indicator |
Second Indicator |
Subfields |
| LEADER |
00000cam a2200000 4500 |
| 001 |
in00000066816 |
| 005 |
20151008050800.0 |
| 008 |
720229s1960 miu b 00000 eng u |
| 010 |
|
|
|a 60016509
|
| 035 |
|
|
|a (OCoLC)00252600
|
| 035 |
|
|
|9 AAG3325AM
|
| 040 |
|
|
|c WSU
|d TXA
|d UtOrBLW
|
| 049 |
|
|
|a TXAM
|c [333335]
|
| 050 |
|
0 |
|a HJ2052
|b .W3
|
| 092 |
|
|
|a 328.341
|b W193c
|
| 100 |
1 |
|
|a Wallace, Robert Ash,
|d 1921-
|
| 245 |
1 |
0 |
|a Congressional control of Federal spending.
|
| 264 |
|
1 |
|a [Place of publication not identified] :
|b Wayne State University Press,
|c 1960.
|
| 300 |
|
|
|a 188 pages
|
| 336 |
|
|
|a text
|b txt
|2 rdacontent
|
| 337 |
|
|
|a unmediated
|b n
|2 rdamedia
|
| 338 |
|
|
|a volume
|b nc
|2 rdacarrier
|
| 504 |
|
|
|a Bibliographical references included in "Notes" (pages 177-188).
|
| 610 |
1 |
0 |
|a United States.
|b Congress
|x Powers and duties.
|
| 651 |
|
0 |
|a United States
|x Appropriations and expenditures.
|
| 999 |
|
|
|a MARS
|
| 999 |
f |
f |
|s c9b54303-2e31-338e-b2b0-ab573dab9fc3
|i 67ce3f40-3cf0-30db-babd-d8655880da7a
|t 0
|
| 952 |
f |
f |
|p ric
|a Texas A&M University
|b Rellis Campus
|c Joint Library Facility
|d Remote Storage
|t 0
|e HJ2052 .W3
|h Library of Congress classification
|i unmediated -- volume
|m A14800681502
|
| 998 |
f |
f |
|a HJ2052 .W3
|t 0
|l Remote Storage
|